| 000 | 00663nam a22002057a 4500 | ||
|---|---|---|---|
| 999 |
_c11442 _d11442 |
||
| 003 | AR-CdUCM | ||
| 008 | 190404b ||||| |||| 00| 0 spa d | ||
| 040 |
_aMUNICIPALIDAD PROVINCIAL DEL CUSCO _cBIBLIOTECA MUNICIPAL DEL CUSCO |
||
| 082 |
_a868.5 / _bM26 / 1900 |
||
| 100 |
_a Sierra, Gregorio, Martínez _928809 |
||
| 245 | _aPasión lunática / | ||
| 260 |
_aParis : _bGarnier Hnos, _c1900. |
||
| 300 |
_a331 páginas : _c18 cm. |
||
| 505 | _aContenido : Pasión lunática -- La selva muda -- Egloga -- Cuento de labios en flor ... | ||
| 650 |
_aNovela _95 |
||
| 650 |
_aComedia _92607 |
||
| 650 |
_aLiteratura _983 |
||
| 942 |
_2ddc _cLIBROS |
||
| 945 | _arah | ||